Successful IT Projects (Record no. 9160)

MARC details
000 -LEADER
fixed length control field 00405nam a22001697a 4500
003 - CONTROL NUMBER IDENTIFIER
control field OSt
005 - DATE AND TIME OF LATEST TRANSACTION
control field 20211004162224.0
008 - FIXED-LENGTH DATA ELEMENTS--GENERAL INFORMATION
fixed length control field 211004b |||||||| |||| 00| 0 eng d
020 ## - INTERNATIONAL STANDARD BOOK NUMBER
International Standard Book Number 9781844806997
040 ## - CATALOGING SOURCE
Transcribing agency HU
082 ## - DEWEY DECIMAL CLASSIFICATION NUMBER
Classification number 352.3809/DAL
100 ## - MAIN ENTRY--PERSONAL NAME
Personal name Dalcher
Fuller form of name Darren Dalcher
9 (RLIN) 9800
245 ## - TITLE STATEMENT
Title Successful IT Projects
260 ## - PUBLICATION, DISTRIBUTION, ETC.
Place of publication, distribution, etc. Australia
Name of publisher, distributor, etc. THOMSON
Date of publication, distribution, etc. 2007
300 ## - PHYSICAL DESCRIPTION
Extent 345
942 ## - ADDED ENTRY ELEMENTS (KOHA)
Source of classification or shelving scheme Dewey Decimal Classification
Koha item type Books like text book referance book
Suppress in OPAC No
Holdings
Withdrawn status Lost status Source of classification or shelving scheme Damaged status Not for loan Home library Current library Shelving location Date acquired Full call number Barcode Date last seen Copy number Price effective from Koha item type
    Dewey Decimal Classification     IoT Library IoT Library General Stacks 04/04/2022 352.3809/DAL/2007 IOTL0019639 04/04/2022 1 04/04/2022 Books like text book referance book
    Dewey Decimal Classification     IoT Library IoT Library General Stacks 04/04/2022 352.3809/DAL/2007 IOTL0019640 04/04/2022 2 04/04/2022 Books like text book referance book
    Dewey Decimal Classification     IoT Library IoT Library General Stacks 04/04/2022 352.3809/DAL/2007 IOTL0019641 04/04/2022 3 04/04/2022 Books like text book referance book
    Dewey Decimal Classification     Natural & Computational Science Library Natural & Computational Science Library General Stacks 10/04/2021 352.3809/DAL NSCLIB000016390 10/04/2021 4 10/04/2021 Books like text book referance book
    Dewey Decimal Classification     Natural & Computational Science Library Natural & Computational Science Library General Stacks 10/04/2021 352.3809/DAL NSCLIB000016391 10/04/2021 5 10/04/2021 Books like text book referance book